| 000 | 01100nam2a22002891 4500 | ||
|---|---|---|---|
| 001 | RU\NLR\A1SV\89582 | ||
| 005 | 20251203152403.2 | ||
| 035 | _a(NLR Aleph) 009770950 | ||
| 090 |
_a13484513 _c13484513 |
||
| 100 | _a20080828d1921 u y0rusy50 ca | ||
| 101 | 0 | _arus | |
| 200 | 0 | _aСб.1 | |
| 215 | _a46 с. | ||
| 327 | 0 | _aАвт.: Алтайский, К., А.Ч., Евгеньев, Б., Затонов-Каменский, К., Опалов, К., Подвальский, Ф. | |
| 461 | 1 |
_1001RU\NLR\A1SV\89581 _12000#$aЗеленые побеги$eСб. стихов$vСб.1 _910055564 _cСызрань _d1921 _nСызран. подотд. Симбир. гос. изд. _oСб. стихов _tЗеленые побеги _vСб.1 |
|
| 702 | 1 |
_aАлтайский _bК. _f1902-1978 _gКонстантин |
|
| 702 | 0 | _aА.Ч. | |
| 702 | 1 |
_aЕвгеньев _bБ. |
|
| 702 | 1 |
_aЗатонов-Каменский _bК. |
|
| 702 | 1 |
_aОпалов _bК. |
|
| 702 | 1 |
_aПодвальский _bФ. |
|
| 801 | 0 |
_aRU _bNLR _c20080828 |
|
| 852 | _aNLR | ||
| 942 | _cBOOK | ||
| 980 | _aA1SV | ||
| 980 | _aNB | ||